000 00315nam a2200109Ia 4500
008 171211s9999 xx 000 0 und d
245 _aMozarterapia. La musica, la mente, la felicità
245 _cVittorino Andreoli
260 _c2010
650 _xmusic
856 _uhttp://down.ebook777.com/060/9788895630328.pdf
999 _c348687
_d348687